000 01029nam a22003257a 4500
003 CHAP
005 20220329142234.0
008 000314d1998 mx r 00110 spa d
010 _a80378
011 _a81350
020 _a968766228X
035 _a91819
040 _cCHAP
090 _aFolleto 15819
100 0 0 _aArizmendi Rodríguez, Roberto.
_97129
245 1 0 _aEntre bruma y humedad del puerto
_c/por Roberto Arizmendi Rodríguez
260 _aMéxico, D.F. :
_bUniversidad Autónoma de Tamaulipas,
_c1998.
300 _a80 p.
590 _aBATCH-UPD
_b10
_c20130110
_lUCH01
_h1240
590 _aBATCH-UPD
_b10
_c20130410
_lUCH01
_h0806
590 _aBATCH-UPD
_b10
_c20130914
_lUCH01
_h1726
590 _aCONVERSION
_b10
_c20130109
_lUCH01
_h1345
650 1 4 _aLiteratura.
_967113
650 1 4 _aPoesía mexicana.
_990146
901 _aBK
905 _aGuadalupe Pinto C.
942 _cFOLL
949 _aFolleto 15819
_bBC
_cFOLL
_d918181
_eTS1
_i91819
_sb
949 _aFolleto 15819
_bBC
_cFOLL
_d918192
_eTS2
_fc.2
_i91819
_sb
999 _c80378
_d80378